000 00541nam a2200181 a 4500
001 000046639
005 20201002053022.0
008 180314s2004 000 spa d
020 _a9789945606089
040 _aDO-SdBNP
_bspa
_cBNPHU
082 _axxxx
_bR426L
110 1 _aRepública Dominicana
_9447
240 1 0 _a[Leyes, etc.]
245 1 0 _aLey No. 91 :
_bque instituye el colegio de abogado de la República Dominicana.
260 _aSanto Domingo :
_bDalis,
_c[s.f.].
300 _a16 p. ;
_c21 cm.
590 _aInventariado, 2018/BT
999 _c46128
_d46128